The cosmic dynamo (Record no. 10985)
[ view plain ]
| 000 -LEADER | |
|---|---|
| fixed length control field | 01010nam a2200253Ia 4500 |
| 003 - CONTROL NUMBER IDENTIFIER | |
| control field | IN-BaIIA |
| 008 - FIXED-LENGTH DATA ELEMENTS--GENERAL INFORMATION | |
| fixed length control field | 211028s9999 xx 000 0 eng d |
| 020 ## - INTERNATIONAL STANDARD BOOK NUMBER | |
| International Standard Book Number | 0-7923-2547-8 |
| 040 ## - CATALOGING SOURCE | |
| Transcribing agency | IIA Library |
| 080 ## - UNIVERSAL DECIMAL CLASSIFICATION NUMBER | |
| Universal Decimal Classification number | 082.2:52 |
| Item number | IAU-S157 |
| 111 ## - MAIN ENTRY--MEETING NAME | |
| Meeting name or jurisdiction name as entry element | Symposium of the International Astronomical Union |
| Location of meeting | Germany |
| Date of meeting or treaty signing | 1992 Sept. 7-11 |
| 9 (RLIN) | 18764 |
| 245 #4 - TITLE STATEMENT | |
| Title | The cosmic dynamo |
| Remainder of title | proceedings of the 157th symposium of the International Astronomical Union held in Potsdam, Germany,September 7-11,1992 |
| Statement of responsibility, etc. | edited by F. Krause, K-H Radler and G. Rudiger |
| 260 ## - PUBLICATION, DISTRIBUTION, ETC. | |
| Place of publication, distribution, etc. | Dordrecht |
| Name of publisher, distributor, etc. | Kluwer Academic |
| Date of publication, distribution, etc. | 1993 |
| 300 ## - PHYSICAL DESCRIPTION | |
| Extent | xxxii, 499p. |
| 490 ## - SERIES STATEMENT | |
| Series statement | IAU symposium; no. 157 |
| 650 ## - SUBJECT ADDED ENTRY--TOPICAL TERM | |
| Topical term or geographic name entry element | Astronomy and astrophysics thesaurus |
| 650 ## - SUBJECT ADDED ENTRY--TOPICAL TERM | |
| Topical term or geographic name entry element | Cosmic physics |
| 9 (RLIN) | 11148 |
| 650 ## - SUBJECT ADDED ENTRY--TOPICAL TERM | |
| Topical term or geographic name entry element | Magnetic fields |
| 9 (RLIN) | 530 |
| 700 ## - ADDED ENTRY--PERSONAL NAME | |
| Personal name | Krause, F., ed. |
| 9 (RLIN) | 18765 |
| 700 ## - ADDED ENTRY--PERSONAL NAME | |
| Personal name | Radler, K-H., ed. |
| 9 (RLIN) | 18766 |
| 700 ## - ADDED ENTRY--PERSONAL NAME | |
| Personal name | Rudiger, G., ed. |
| 9 (RLIN) | 17415 |
| 710 ## - ADDED ENTRY--CORPORATE NAME | |
| Corporate name or jurisdiction name as entry element | International Astronomical Union |
| 942 ## - ADDED ENTRY ELEMENTS (KOHA) | |
| Koha item type | Books |
| Withdrawn status | Lost status | Damaged status | Not for loan | Home library | Current library | Shelving location | Date acquired | Total Checkouts | Full call number | Barcode | Date last seen | Price effective from | Koha item type |
|---|---|---|---|---|---|---|---|---|---|---|---|---|---|
| IIA Library-Bangalore | IIA Library-Bangalore | General Stacks | 21/03/1994 | 082.2:52/ IAU-S157 | 11898 | 05/11/2021 | 21/03/1994 | Books |